| LEADER | 00982nam a2200289 4500 | ||
|---|---|---|---|
| 001 | 000006648 | ||
| 003 | 2806 | ||
| 005 | 20110916090944.0 | ||
| 008 | 110915s1978 viesd | ||
| 041 | 0 | |a vie | |
| 082 | |a 320.53209 594 |b CA-P | ||
| 100 | 0 | |a Cay-xỏn Phôm-vi-Hản | |
| 245 | 0 | |a Xây dựng một nước Lào hoà bình, độc lập và xã hội chủ nghĩa |c Cay-xỏn Phôm-vi-Hản | |
| 260 | |a H. |b Nxb Sự thật |c 1978 | ||
| 300 | |a 185 tr |c 19 cm | ||
| 520 | |a . | ||
| 653 | |a Nước Lào | ||
| OWN | |a LSP | ||
| AVA | |a UDN50 |b LSP |d 320.53209 594 CA-P |e available |t Error 5001 Not defined in file expand_doc_bib_avail. |f 2 |g 1 |h N |i 0 |k 1 | ||
| 999 | |a From the UDN01 | ||
| AVA | |a UDN50 |b LSP |d 320.53209 594 CA-P |e available |t Error 5001 Not defined in file expand_doc_bib_avail. |f 2 |g 1 |h N |i 0 |k 1 | ||
| TYP | |a Monograph | ||
| TYP | |a Printed language | ||
| 980 | |a Mạng thư viện Đại học Đà Nẵng | ||